Beneficios de carácter patrimonial o pecunario del personal de Carabineros de Chile en servicio activo y en retiro
Guardat en:
| Autor principal: | |
|---|---|
| Format: | Llibre |
| Idioma: | espanyol |
| Publicat: |
Santiago
Universidad Católica de Chile
1967
|
| Matèries: | |
| Etiquetes: |
Afegir etiqueta
Sense etiquetes, Sigues el primer a etiquetar aquest registre!
|
MARC
| LEADER | 00000nam a2200000 a 4500 | ||
|---|---|---|---|
| 001 | UCS3305 | ||
| 003 | CL-VaPUC | ||
| 008 | 970620e19670000CL |||||||||||||||||spa|d | ||
| 082 | 0 | 4 | |a 343.83 |b ARI |2 21 |
| 100 | 0 | |a Arias Guíñez, Mario |e author |9 389317 | |
| 245 | 1 | 0 | |a Beneficios de carácter patrimonial o pecunario del personal de Carabineros de Chile en servicio activo y en retiro |
| 300 | |a 160 p | ||
| 942 | |c BK | ||
| 945 | |d 19970620 00:00:00 |a lriquelm | ||
| 260 | |a Santiago |b Universidad Católica de Chile |c 1967 | ||
| 600 | 0 | 7 | |a CARABINEROS DE CHILE |2 CL-VaPUC |9 388628 |
| 650 | 7 | |a EMPLEADOS PUBLICOS |2 CL-VaPUC |9 256133 | |
| 650 | 0 | |a Bienestar social |9 255298 | |
| 650 | 7 | |a REMUNERACIONES |2 CL-VaPUC |9 371777 | |
| 650 | 7 | |a GRATIFICACIONES |2 CL-VaPUC |9 389318 | |
| 650 | 0 | |a Derecho público |9 255910 | |
| 650 | 0 | |a Jurisprudencia administrativa |9 384120 | |
| 650 | 7 | |a INDEMNIZACION POR AÑOS DE SERVICIOS |2 CL-VaPUC |9 387599 | |
| 650 | 7 | |a PENSIONES |2 CL-VaPUC |9 323807 | |
| 650 | 0 | |a Jubilación |9 324403 | |
| 583 | |a last modification |c 19970620 00:00:00 |k Rodrigo Vera | ||
| 999 | |c 261046 |d 261044 | ||
| 952 | |0 0 |1 0 |4 0 |6 343_830000000000000_ARI_1967 |7 0 |8 A |9 287818 |a BIBDER |b BIBDER |d 2019-11-19 |i 1859021 |o 343.83 ARI 1967 |p 1859021 |r 2023-01-25 |w 2019-11-19 |y BK |k DER | ||